Statistics for Football (Soccor) Terms - Difficult

Click here to take the quiz!

General Stats

  • This quiz has been taken 163 times
  • The average score is 7 of 15

Answer Stats

DefinitionTerm% Correct
The act of chipping a penalty down the middlePanenka
86%
Going extremely defensive and putting players behind the ball, made popular by MourinhoPark the Bus
75%
When the referee decides to play on following a foul for the benefit of the team who had been fouledAdvantage
70%
An appearance in a national teamCap
70%
Kicking a ball after one bounce on the groundHalf Volley
64%
Scoring two goals in a single matchBrace
62%
Scoring a goal in the upper corners of the netTop Bins
57%
The act of a defensive line pushing up in unison to fool the opposing attackersOffside Trap
54%
The method of kicking a ball by wrapping the kicking leg around the back of the standing legRabona
54%
Another term for a nutmeg and a game played inside a circular pitch with small netsPanna
48%
The edges of the pitch on each side perpendicular to the goalsTouch Line
25%
The method of kicking a ball thats behind you with the back of your heel whilst still thrusting your weight forwardScorpion Kick
23%
The scolding of players by their manager at half time in the changing roomHairdryer treatment
22%
A replacement for studs on players bootsBlades
13%
The final round of qualifying in CONCACAF which is a six-team "home and home" round robinHexagonal
2%

Score Distribution

Percentile by Number Answered

Percent of People with Each Score

Your Score History

You have not taken this quiz